Central Library OPAC University of Rajshahi

The liveliest art : (Record no. 29142)

MARC details
000 -LEADER
fixed length control field 00861nam a22002772i 4500
001 - CONTROL NUMBER
control field 29142
003 - CONTROL NUMBER IDENTIFIER
rucl marc code BD-RjUL
005 - DATE AND TIME OF LATEST TRANSACTION
control field 20211209051358.0
008 - FIXED-LENGTH DATA ELEMENTS--GENERAL INFORMATION
fixed length control field 140402t19591957nyu 000 0 eng d
035 ## - SYSTEM CONTROL NUMBER
System control number (BD-RjUL)29227
040 ## - CATALOGING SOURCE
Original cataloging agency IRU
Transcribing agency IRU
Modifying agency UKM
-- BD-RjUL
Language of cataloging eng
041 ## - LANGUAGE CODE
Language code of text/sound track or separate title eng
082 ## - DEWEY DECIMAL CLASSIFICATION NUMBER
Classification number 791.4309
Edition number 18
Author mark and year KNL 1959
090 ## - LOCALLY ASSIGNED LC-TYPE CALL NUMBER (OCLC); LOCAL CALL NUMBER (OCLC)
Classification number (OCLC) (R) ; Classification number, CALL (RLIN) (NR) PN1993.5.A1
Local cutter number (OCLC) ; Book number/undivided call number, CALL (RLIN) K6 1959
100 1# - MAIN ENTRY--PERSONAL NAME
Personal name Knight, Arthur.
9 (RLIN) 88976
245 14 - TITLE STATEMENT
Title The liveliest art :
Remainder of title a panoramic history of the movies /
Statement of responsibility, etc. Arthur Knight
260 ## - PUBLICATION, DISTRIBUTION, ETC. (IMPRINT)
Place of publication, distribution, etc. New York :
Name of publisher, distributor, etc. New American Library,
Date of publication, distribution, etc. c1957 [Printed 1959]
300 ## - PHYSICAL DESCRIPTION
Pagination 352 p., [8] leaves of plates :
Illustrations ill. ;
Size 18 cm
490 1# - SERIES STATEMENT
Series statement Mentor book ;
Volume/sequential designation MD263
504 ## - BIBLIOGRAPHY, ETC. NOTE
Bibliography, etc Bibliography: p. 313-328 & indexes
650 #0 - SUBJECT ADDED ENTRY--TOPICAL TERM
Topical term or geographic name as entry element Motion pictures
General subdivision History
9 (RLIN) 50482
830 #0 - SERIES ADDED ENTRY--UNIFORM TITLE
Volume number/sequential designation MD263
Uniform title Mentor book ;
942 ## - ADDED ENTRY ELEMENTS (KOHA)
Source of classification or shelving scheme Dewey Decimal Classification
Koha item type Books
Holdings
Lost status Source of classification or shelving scheme Damaged status Not for loan Collection code Permanent Location Current Location Shelving location Date acquired Source of acquisition Total Checkouts Full call number Date last seen Copy number Koha item type
  Dewey Decimal Classification   Added to bundle Non-fiction Central Library, University of Rajshahi Central Library, University of Rajshahi Reading Room 06/03/1960 Standard pub   791.4309 KNL 1959 02/04/2014 C-1 Books